00473nam a2200169Ia 4500008004100000020001300041040001900054041001200073082002100085100001800106245006900124260003800193300002500231650001400256700001900270850001400289131103s9999 xx 000 0 und d cRs.50.00 aLoreto College aEnglish aREFbLCBED/10704 aO'Brien, Neil aQuizicalb the Calcutta quiz book cNeil O'Brien & Derek O'Brien aCalcuttabA North Star Bookc1990 a174p.b ill.c 21cm. aQuiz book aO'Brien, Derek aLCBED/REF